Design and Analysis of Experiments /

Gespeichert in:
Bibliographische Detailangaben
1. Verfasser: Montgomery, Douglas C. (Verfasst von)
Format: Buch
Sprache:Englisch
Veröffentlicht: New York : John Wiley & Sons, 1997
Ausgabe:4th Edition
Schlagworte:
Tags: Tag hinzufügen
Keine Tags, Fügen Sie das erste Tag hinzu!

MARC

LEADER 00000nam a22000003a 4500
001 stu24708
005 20190206124505.4
008 971208s1997----xxu-----------------eng-d
020 |a 0-471-15746-5 
040 |a STU  |b slo 
041 0 |a eng 
044 |a xxu 
080 |a 519.23/.24 
084 |a A0250  |2 INS 
084 |a B0240  |2 INS 
084 |a C1140  |2 INS 
100 1 |a Montgomery, Douglas C.  |4 aut 
245 1 |a Design and Analysis of Experiments /  |c [aut.]Montgomery,Douglas C 
250 |a 4th Edition 
260 |a New York :  |b John Wiley & Sons,  |c 1997 
300 |a 704 s :  |b Tab.,grafy,index 
650 7 |a matematická štatistika  |2 stusub 
650 7 |a štatistická analýza  |2 stusub 
650 7 |a plánovanie experimentov  |2 stusub 
996 |b 284EK82800  |c E*82800  |l EE11  |s P  |a 0  |w stu24708_0001 
996 |b C95147  |c C*95147  |l CCVII  |s P  |a 0  |w stu24708_0002 
996 |b E81850  |c E*81850  |l EELSDV  |s P  |a 0  |w stu24708_0003